Normal view
MARC view
Entry Personal Name
001 - CONTROL NUMBER
- control field: 17577
003 - CONTROL NUMBER IDENTIFIER
- control field: dpl
005 - DATE AND TIME OF LATEST TRANSACTION
- control field: 20100830160615.0
008 - FIXED-LENGTH DATA ELEMENTS
- fixed length control field: 100830|||a|||||| | ||| d
040 ## - CATALOGING SOURCE
- Original cataloging agency: dpl
- Transcribing agency: dpl
100 ## - HEADING--PERSONAL NAME
- Personal name: पाठक,अच्युत रामकृष्ण
670 ## - SOURCE DATA FOUND
- Source citation: Work cat.: (dpl): पाठक,अच्युत रामकृष्ण, स्मरणातील काही व्यक्तिचित्रे /, 2010
670 ## - SOURCE DATA FOUND
- Source citation: Work cat.: (dpl): पाठक,अच्युत रामकृष्ण, स्मरणातील काही व्यक्तिचित्रे /, 2010
